LIBRARY & INFORMATION CENTRE, KCAET, TAVANUR

ONLINE PUBLIC ACCESS CATALOGUE (OPAC)

Text book of electrical technology, Vol 2 / (Record no. 10240)

MARC details
000 -LEADER
fixed length control field 00368cam a2200145ua 4500
020 ## - INTERNATIONAL STANDARD BOOK NUMBER
ISBN 81-219-1141-9
082 ## - DEWEY DECIMAL CLASSIFICATION NUMBER
Classification number 621.301
Item number THE/TE
100 ## - MAIN ENTRY--AUTHOR NAME
Personal name Theraja, B L.
245 ## - TITLE STATEMENT
Title Text book of electrical technology, Vol 2 /
250 ## - EDITION STATEMENT
Edition statement 1 /
260 ## - PUBLICATION, DISTRIBUTION, ETC. (IMPRINT)
Place of publication New Delhi :
Name of publisher S.Chand and Co ,
Year of publication 1996.
300 ## - PHYSICAL DESCRIPTION
Number of Pages 2100 ; .
700 1# - ADDED ENTRY--PERSONAL NAME
Personal name Theraja, A K.
942 ## - ADDED ENTRY ELEMENTS (KOHA)
Koha item type Books
Holdings
Withdrawn status Lost status Damaged status Collection code Home library Current library Shelving location Date acquired Cost, normal purchase price Full call number Accession Number Koha item type
      Non-fiction KAUAET KAUAET General Stacks 31/03/2012 450.00 621.301 THE/TE 22750 Books
      Non-fiction KAUAET KAUAET General Stacks 31/03/2012 450.00 621.301 THE/TE 22751 Books
      Non-fiction KAUAET KAUAET General Stacks 31/03/2012 450.00 621.301 THE/TE 22752 Books
      Non-fiction KAUAET KAUAET General Stacks 31/03/2012 450.00 621.301 THE/TE 22753 Books
      Non-fiction KAUAET KAUAET General Stacks 31/03/2012 450.00 621.301 THE/TE 22754 Books
      Non-fiction KAUAET KAUAET General Stacks 31/03/2012 450.00 621.301 THE/TE 22755 Books
      Non-fiction KAUAET KAUAET General Stacks 31/03/2012 450.00 621.301 THE/TE 22756 Books
      Non-fiction KAUAET KAUAET General Stacks 31/03/2012 450.00 621.301 THE/TE 22757 Books
      Non-fiction KAUAET KAUAET General Stacks 31/03/2012 450.00 621.301 THE/TE 22758 Books
      Non-fiction KAUAET KAUAET General Stacks 31/03/2012 450.00 621.301 THE/TE 22759 Books
      Non-fiction KAUAET KAUAET General Stacks 31/03/2012 450.00 621.301 THE/TE 22760 Books
      Non-fiction KAUAET KAUAET General Stacks 31/03/2012 450.00 621.301 THE/TE 22761 Books
      Non-fiction KAUAET KAUAET General Stacks 31/03/2012 450.00 621.301 THE/TE 22762 Books
      Non-fiction KAUAET KAUAET General Stacks 31/03/2012 450.00 621.301 THE/TE 22763 Books
      Non-fiction KAUAET KAUAET General Stacks 31/03/2012 450.00 621.301 THE/TE 22764 Books
free website counter